LEADER 01287nam0 22003011i 450 001 UON00192043 005 20231205103218.993 010 $a97-220-0745-9 100 $a20030730d1989 |0itac50 ba 101 $apor 102 $aPT 105 $a|||| 1|||| 200 1 $aˆO ‰canto e as armas$fManuel Alegre$gapresentaçao de Joao de Melo 210 $aLisboa$cPublicaçoes Dom Quixote$d1989. 346 p. ; 21 cm 215 $aIl testo contiene: Praça da cançao$dUm barco para Itaca$dLetras$dCoisa amar. 606 $aSCRITTORI PORTOGHESI$3UONC039710$2FI 606 $aPOETI PORTOGHESI$3UONC039711$2FI 620 $aPT$dLisboa$3UONL003135 676 $a869.1$cPoesia portoghese$v12 700 1$aALEGRE$bManuel$3UONV108406$0253882 702 1$aMELO$bJoão : de$3UONV113252 712 $aDom Quixote$3UONV264466$4650 801 $aIT$bSOL$c20240220$gRICA 912 $aUON00192043 950 $aSIBA - SISTEMA BIBLIOTECARIO DI ATENEO$dSI Port I 0300 bis $eSI LO 46186 5 0300 bis 950 $aSIBA - SISTEMA BIBLIOTECARIO DI ATENEO$dSI Port I 0300 $eSI LO 58020 5 0300 996 $aCanto e as armas$91293523 997 $aUNIOR LEADER 03760nam0 22006853i 450 001 RAV0074482 005 20251003044321.0 020 $aIT$b62-3531 100 $a19891108d1962 ||||0itac50 ba 101 | $aita 102 $ait 181 1$6z01$ai $bxxxe 182 1$6z01$an 183 1$6z01$anc$2RDAcarrier 200 1 $aCamillo e Adriano Olivetti$fBruno Caizzi 210 $aTorino$cUnione Tipografico-Editrice Torinese$d[1962] 215 $a395 p., [20] carte di tav.$cill.$d24 cm 225 | $aˆLa ‰vita sociale della nuova Italia$v2 300 $aTit. sulla cop.: Olivetti 312 $aTit. in cop.: ˆGli ‰Olivetti$9RAV0074483 410 0$1001CFI0039111$12001 $aˆLa ‰vita sociale della nuova Italia$v2 517 1 $aˆGli ‰Olivetti. -$9RAV0074483 606 $aOlivetti, Adriano$2FIR$3CFIC056450$9E 606 $aOlivetti, Camillo$2FIR$3SBLC010158$9E 676 $a338.7092$9$v12 676 $a338.76810922$9$v21 676 $a338.768114092$9IMPRESE. MACCHINE E STRUMENTI PER IL CALCOLO. PERSONE$v20 676 $a338.768114092$9IMPRESE. Macchine e strumenti per il conteggio e il calcolo. Persone$v21 676 $a338.7681140922$9IMPRESE. Macchine e strumenti per il conteggio e il calcolo. Biografia collettiva$v22 676 $a338.7681610924$9ORGANISMI IN INDUSTRIE O GRUPPI DI INDUSTRIE. MANIFATTURA DI MACCHINE STENOGRAFICHE, COMPOSITRICI, DA SCRIVERE. PERSONE COLLEGATE CON IL SOGGETTO$v19 676 $a681.6$9MACCHINE E ATTREZZATURE PER STAMPARE, SCRIVERE, DUPLICARE$v20 676 $a923$9PERSONE OPERANTI NEL CAMPO DELLE SCIENZE SOCIALI$v19 676 $a923.3$9Biografie di persone operanti nel campo dell'economia.$v19 676 $a923.3$9Persone operanti nel campo dell'economia$v23 676 $a926$9BIOGRAFIA. MEDICI, INGEGNERI, INDUSTRIALI, ETC.$v16 676 $a926$9BIOGRAFIE. Medici, Ingegneri, Tecnici$v21 676 $a945.091092$9Storia. Italia. Regno di Vittorio Emanuele III, 1900-1946. Persone$v14 676 $a945.091092$9STORIA D'ITALIA. REGNO DI VITTORIO EMANUELE III, 1900-1946. Persone$v20 676 $a945.091092$9STORIA. ITALIA. REGNO DI VITTORIO EMANUELE III, 1900-1946. Persone$v21 686 $aIT/X432.3$cGRANDE INDUSTRIA PRIVATA MULTINAZIONALI ITALIA$2R 686 $aX0.1/OLIVETTI,ADRIANO$cBIOGRAFIE E SCRITTI SU ADRIANO OLIVETTI$2R 686 $aX0.1/OLIVETTI,CAMILLO$cBIOGRAFIE E SCRITTI SU CAMILLO OLIVETTI$2R 700 1$aCaizzi$b, Bruno$3CFIV056740$4070$033465 801 3$aIT$bIT-000000$c19891108 850 $aIT-BN0095 $aIT-BN0042 $aIT-AV0001 $aIT-AV0003 $aIT-AV0007 $aIT-NA0079 $aIT-NA0070 $aIT-CE0127 $aIT-NA0189 $aIT-NA0581 $aIT-BN0052 $aIT-BN0015 $aIT-NA0580 901 $bNAP BU$c1 B $nPropedeutica. Formato cm. 20,1-28. 901 $bNAP 36$cS. LETTURA$n$ 901 $bNAP FC$cCONTINUAZ.$n$ 901 $bNAP MG$cA $n$ 901 $bNAP BN$cC $nComprende volumi con collocazioni per formato catalogati prima del 1987. La consegna del doc. é effettuata dall'Uff. Distribuzione. 901 $bNAP AL$cVILLANI $n$ 901 $bNAP AV$cSEZ. M $nSezione Moderna 901 $bNAP PS$cSALA A $n$ 901 $bNAP AR$cP. CICCONE$nDONAZIONE 901 $bNAP CT$cSEZ.GEN. $n$ 912 $aRAV0074482 950 0$aBiblioteca Centralizzata di Ateneo$cv. 2-9;12-15;17-23;25-31;33-40$d 01COLL. ITA VITSDN$e 01AR 0070034425 VMA (0002 1 v.$fB $h20250610$i20250610 977 $a 01$a 36$a AL$a AR$a AV$a BN$a BU$a CT$a DP$a FC$a MG$a PB$a PS 996 $aCamillo e Adriano Olivetti$9162535 997 $aUNISANNIO